000 00301nam a22001097a 4500
999 _c514972
_d514972
082 _aTNC A7 B859
100 _aBuddharakkhita,Acharya
_920003
245 _aLife's great blessings
_cby Acharya Buddharakkhita
260 _aBangalore
_bBuddha Vachana Trust
_c2006
300 _a57p.
440 _vVol.2
_920004